Top 100 Baby Girls' Names in Scotland 2023 - Statistics

General Stats
  • This quiz has been taken 209 times
  • The average score is 47 of 100
Answer Stats
Hint Answer % Correct
2 Olivia
90%
39 Anna
83%
7 Charlotte
82%
43 Emma
82%
4 Emily
78%
55 Hannah
78%
16 Sophia
78%
13 Sophie
78%
5 Amelia
77%
10 Ava
77%
11 Lily
76%
66 Rose
76%
6 Ella
75%
21 Sofia
75%
38 Isabella
74%
17 Rosie
74%
29 Mia
73%
63 Chloe
71%
9 Grace
70%
51 Gracie
70%
98 Katie
70%
50 Eva
67%
1 Isla
67%
27 Ellie
65%
76 Zoe
65%
18 Ivy
64%
25 Jessica
64%
30 Daisy
62%
20 Lucy
62%
80 Bella
61%
3 Freya
61%
59 Alice
60%
67 Mollie
60%
56 Molly
60%
36 Ruby
60%
32 Poppy
58%
65 Hollie
56%
23 Willow
55%
19 Evie
54%
8 Millie
54%
72 Violet
54%
31 Elsie
52%
75 Evelyn
52%
47 Erin
49%
100 Georgie
49%
15 Maisie
48%
28 Maya
48%
12 Aria
47%
44 Georgia
47%
88 Abigail
46%
35 Zara
46%
68 Luna
45%
87 Penelope
45%
46 Phoebe
45%
64 Florence
44%
48 Sienna
44%
77 Amber
43%
22 Harper
42%
49 Layla
42%
37 Mila
42%
98 Myla
42%
14 Orla
39%
45 Ada
38%
24 Bonnie
37%
78 Imogen
36%
86 Nina
36%
60 Niamh
35%
82 Thea
35%
99 Delilah
34%
58 Emilia
34%
81 Hope
34%
62 Aurora
32%
97 Lara
31%
92 Sadie
31%
33 Esme
30%
71 Nova
28%
34 Hallie
27%
40 Maeve
27%
83 Arabella
26%
54 Ayla
26%
79 Iona
26%
41 Lottie
25%
90 Quinn
25%
53 Skye
25%
61 Cora
24%
89 Heidi
24%
26 Eilidh
22%
94 Mabel
21%
85 Lucia
20%
70 Lyla
18%
42 Robyn
18%
73 Mirren
17%
52 Callie
16%
74 Alba
14%
69 Remi
14%
91 Rowan
14%
84 Fiadh
12%
95 Harlow
11%
93 Lilah
6%
57 Maeva
6%
No matching quizzes found
Score Distribution
Percent of People with Each Score
Percentile by Number Answered
Your Score History
You have not taken this quiz